| 000 | 00599nam a2200169 i 4500 | ||
|---|---|---|---|
| 001 | 140888 | ||
| 003 | ES-MaACL | ||
| 005 | 20230906200155.0 | ||
| 007 | t| | ||
| 008 | 070918s1977 ch ||||1| eng d | ||
| 100 | 1 |
_aYin, Ching-Yao. _9117637 |
|
| 245 | 1 | 0 |
_aAn analysis of the questions of seeking "normalization of relations" with the Chinese Communist by the United States / _cby Ching-yao Yin. |
| 260 |
_a[Taipei] : _bAsian Peoples' Anti-Communist League, _c1977. |
||
| 300 |
_a65 p. ; _c18 cm. |
||
| 651 | 4 |
_aTaiwán- _xPolítica exterior- _y1945- _99420 |
|
| 852 |
_aES-MaACL _jA-7478 _bR.96640 |
||
| 999 |
_c140888 _d140888 |
||